Sleep Token - Telomeres (All Lyrics) - Statistics

General Stats
  • This quiz has been taken 28 times
  • The average score is 103 of 114
Answer Stats
Lyrics % Correct
and
100%
And
100%
beneath
100%
collapse
100%
go
100%
I
100%
in
100%
into
100%
is
100%
know
100%
me
100%
of
100%
reaches
100%
safety
100%
something
100%
start
100%
the
100%
This
100%
to
100%
us
100%
we
100%
We
100%
Where
100%
where
100%
You
100%
you
100%
As
93%
as
93%
beyond
93%
breathe
93%
farthest
93%
(oh)
93%
are
87%
bends
87%
guide
87%
light
87%
silence
87%
wraps
87%
arms
80%
eyes
80%
Let
80%
out
80%
Your
80%
your
80%
apart
73%
back
73%
carry
73%
drink
73%
future
73%
my
73%
open
73%
past
73%
pick
73%
tides
73%
distance
67%
instruments
67%
oceans
67%
Rivers
67%
through
67%
death
60%
beckon
53%
within
53%
could
47%
no
47%
limbs
40%
No matching quizzes found
Score Distribution
Percent of People with Each Score
Percentile by Number Answered
Your Score History
You have not taken this quiz